header

Regression models for categorical and limited dependent variables / (Record no. 250803)

MARC details
000 -LEADER
fixed length control field 01187cam a2200289 a 4500
001 - CONTROL NUMBER
control field 3999361
003 - CONTROL NUMBER IDENTIFIER
control field OSt
005 - DATE AND TIME OF LATEST TRANSACTION
control field 20151016114743.0
008 - FIXED-LENGTH DATA ELEMENTS--GENERAL INFORMATION
fixed length control field 960917s1997 caua b 001 0 eng
010 ## - LIBRARY OF CONGRESS CONTROL NUMBER
LC control number 96035710
020 ## - INTERNATIONAL STANDARD BOOK NUMBER
International Standard Book Number 0803973748 (cloth : alk. paper)
040 ## - CATALOGING SOURCE
Original cataloging agency DLC
Transcribing agency DLC
Modifying agency DLC
050 00 - LIBRARY OF CONGRESS CALL NUMBER
Classification number QA278.2
Item number .L65 1997
082 00 - DEWEY DECIMAL CLASSIFICATION NUMBER
Classification number 519.5/36
Edition number 20
100 1# - MAIN ENTRY--PERSONAL NAME
Personal name Long, J. Scott.
245 10 - TITLE STATEMENT
Title Regression models for categorical and limited dependent variables /
Statement of responsibility, etc J. Scott Long.
260 ## - PUBLICATION, DISTRIBUTION, ETC. (IMPRINT)
Place of publication, distribution, etc Thousand Oaks :
Name of publisher, distributor, etc Sage Publications,
Date of publication, distribution, etc c1997.
300 ## - PHYSICAL DESCRIPTION
Extent xxx, 297 p. :
Other physical details ill. ;
Dimensions 24 cm.
440 #0 - SERIES STATEMENT/ADDED ENTRY--TITLE
Title Advanced quantitative techniques in the social sciences ;
Volume number/sequential designation 7
504 ## - BIBLIOGRAPHY, ETC. NOTE
Bibliography, etc Includes bibliographical references (p. 274-282) and indexes.
650 #0 - SUBJECT ADDED ENTRY--TOPICAL TERM
Topical term or geographic name as entry element Regression analysis.
856 42 - ELECTRONIC LOCATION AND ACCESS
Materials specified Publisher description
Uniform Resource Identifier <a href="http://www.loc.gov/catdir/enhancements/fy0655/96035710-d.html">http://www.loc.gov/catdir/enhancements/fy0655/96035710-d.html</a>
Materials specified Table of contents only
Uniform Resource Identifier <a href="http://www.loc.gov/catdir/enhancements/fy0655/96035710-t.html">http://www.loc.gov/catdir/enhancements/fy0655/96035710-t.html</a>
906 ## - LOCAL DATA ELEMENT F, LDF (RLIN)
a 7
b cbc
c orignew
d 1
e ocip
f 19
g y-gencatlg
942 ## - ADDED ENTRY ELEMENTS (KOHA)
Source of classification or shelving scheme Library of Congress Classification
Koha item type Long Loan Books
Holdings
Withdrawn status Lost status Source of classification or shelving scheme Damaged status Not for loan Collection code Home library Current library Shelving location Date acquired Total Checkouts Full call number Barcode Date last seen Date checked out Price effective from Koha item type
    Library of Congress Classification     Non-fiction Rongo University Library Rongo University Library General Stacks 16/10/2015 4 QA278.2 .L65 1997 20091873 18/11/2019 04/11/2019 16/10/2015 Long Loan Books

© 2026 Rongo University
Contact us: librarian | system librarian | Rongo university